000 00727cam a22002413a 4500
001 5834
003 PGUSA
005 20140828083125.0
008 040601s2004||||xxu|||||s|||||000 | eng d
040 _aPGUSA
_beng
042 _adc
050 4 _aPZ
100 1 _aOuida,
_d1839-1908
245 1 0 _aBimbi :
_bStories for Children
_h[electronic resource] /
_cOuida
260 _bProject Gutenberg,
_c2004
505 0 _aThe Nürnberg stove -- The ambitious rose tree -- Lampblack -- The child of Urbino -- Findelkind.
506 _aPublic domain in the USA.
516 _aElectronic text
653 _aChildren's stories
830 0 _aProject Gutenberg
_v5834
856 4 0 _uhttp://www.gutenberg.org/ebooks/5834
942 _cEB
999 _c235162
_d235162